| 000 | 00675nam a2200229 4500 | ||
|---|---|---|---|
| 003 | OSt | ||
| 005 | 20240615025057.0 | ||
| 006 | a | ||
| 008 | 240615b |||||||| |||| 00| 0 eng d | ||
| 020 | _a9781425806255 | ||
| 040 |
_aDWCL-Main lib. _cOC |
||
| 082 | _aCirc. 070.41 G873f 2010 | ||
| 100 | _aGrodin, Marshall | ||
| 245 | _aFind a story and tell it : teaching journalistic writing / | ||
| 260 |
_aCalifornia : _bShell Education, _cc2010. |
||
| 300 |
_b176 p. ; _c23 cm. |
||
| 504 | _aIncludes bibliographical references & index. | ||
| 650 | _a1. Journalism. | ||
| 650 | _a2. Journalistic writing. | ||
| 700 | _aMarshall Grodin | ||
| 942 |
_2ddc _n0 _cBK-CIRC _kCirc. |
||
| 999 |
_c760 _d760 |
||